Vysokohorské aktivity na Slovensku a ochrana prírody diplomová práca

Gespeichert in:
Bibliographische Detailangaben
1. Verfasser: Grajciarová, Miroslava
Körperschaft: Obchodná fakulta EU. Katedra služieb a cestovného ruchu - zrušené
Weitere Verfasser: Plesník, Pavol, 1956-
Format: Buch
Sprache:Slowakisch
Veröffentlicht: Bratislava 2013
Tags: Tag hinzufügen
Keine Tags, Fügen Sie das erste Tag hinzu!

MARC

LEADER 00000nbm a2200000 4500
001 0169471
005 20161109102306.3
041 0 |a slo 
044 |a SK 
245 1 0 |a Vysokohorské aktivity na Slovensku a ochrana prírody  |b diplomová práca  |c Miroslava Grajciarová ; školiteľ: Pavol Plesník 
264 1 |a Bratislava  |c 2013 
300 |a 88 s. 
100 1 |a Grajciarová, Miroslava 
700 1 |a Plesník, Pavol, 1956- 
710 2 |a Obchodná fakulta EU. Katedra služieb a cestovného ruchu - zrušené